[Event "Gligoric Cup 2013"]
[Site "Banja Koviljaca SRB"]
[Date "2013.05.22"]
[Round "3.1"]
[White "Nikolic,Pr"]
[Black "Markus,Rob"]
[Result "1/2-1/2"]
[WhiteElo "2603"]
[BlackElo "2606"]

1.d4 Nf6 2.c4 e6 3.Nf3 Bb4+ 4.Bd2 a5 5.g3 d6 6.Bg2 Nbd7 7.O-O e5 8.Bxb4 axb4
9.Qb3 exd4 10.Nxd4 O-O 11.Nc2 Re8 12.Re1 c5 13.a3 Qb6 14.Nd2 bxa3 15.Rxa3 Rxa3
16.Nxa3 Qa5 17.Nab1 Ne5 18.Nc3 Nc6 19.e3 Kf8 20.h3 Nb4 21.Nb5 Qb6 22.Ra1 Bd7
23.Nc3 Bc6 24.e4 h6 25.Ra3 Qc7 26.Qd1 Kg8 27.Kh2 Qe7 28.f3 Qe6 29.Nf1 Qxc4
30.Qxd6 Nc2 31.Ra5 Nd4 32.Qf4 Qb4 33.Ra2 Ne6 34.Qc1 h5 35.h4 Nd4 36.Ne3 g6
37.Ra3 Nb3 38.Qd1 Nd4 39.Qc1 Nb3 40.Qd1  1/2-1/2

[Event "Gligoric Cup 2013"]
[Site "Banja Koviljaca SRB"]
[Date "2013.05.23"]
[Round "4.2"]
[White "Brenjo,S"]
[Black "Nikolic,Pr"]
[Result "1/2-1/2"]
[WhiteElo "2512"]
[BlackElo "2603"]

1.e4 e6 2.d4 d5 3.Nc3 Bb4 4.Ne2 dxe4 5.a3 Be7 6.Nxe4 Nf6 7.Nxf6+ Bxf6 8.Be3 c5
9.Qd2 Nc6 10.O-O-O cxd4 11.Nxd4 Bxd4 12.Bxd4 Qxd4 13.Qxd4 Nxd4 14.Rxd4 Bd7
15.Be2 O-O-O 16.Rhd1 Bc6 17.Rxd8+ Rxd8 18.Rxd8+ Kxd8 19.g3 Ke7 20.Kd2 e5
21.Ke3 b6 22.h4 Kd6 23.b4 a5 24.c4 axb4 25.axb4 h6 26.f4 f6 27.Bd3  1/2-1/2

[Event "Gligoric Cup 2013"]
[Site "Banja Koviljaca SRB"]
[Date "2013.05.24"]
[Round "5.1"]
[White "Ivanisevic,I"]
[Black "Nikolic,Pr"]
[Result "0-1"]
[WhiteElo "2655"]
[BlackElo "2603"]

1.d4 Nf6 2.c4 e6 3.Nf3 b6 4.g3 Bb4+ 5.Nbd2 O-O 6.Bg2 d5 7.O-O Bb7 8.cxd5 exd5
9.Ne5 Re8 10.Ndf3 Ne4 11.Bf4 Bd6 12.Rc1 c5 13.dxc5 bxc5 14.Nd3 Na6 15.Nd2 Bf8
16.Nxe4 dxe4 17.Be3 Qb6 18.Nf4 Rad8 19.Qb3 g6 20.h4 Bg7 21.Qc4 Bd4 22.Bh3 Nb4
23.Bxd4 cxd4 24.Qc7 d3 25.Qxb6 axb6 26.a3 d2 27.Rb1 Nd5 28.Rfd1 e3 29.Nd3 exf2+
30.Kxf2 Nf6 31.Rxd2 Ne4+ 32.Ke1 Ba6 33.Rbd1 Bb5 34.Bg2 Nxd2 35.Kxd2 Rd4 36.Bf3 Red8
37.Ke3 Bc4 38.h5 Kg7 39.hxg6 hxg6 40.Bc6 f5 41.a4 R8d6 42.Bb5 Bxb5 43.axb5 R4d5
44.Rg1 Re6+ 45.Kf2 Rxb5 46.g4 g5 47.gxf5 Rxf5+ 48.Ke1 Re4 49.Kd2 Kg6 50.Rg2 Rf6
51.Nf2 Rd6+ 52.Nd3 Rde6 53.Ke1 g4 54.Kf1 Kg5 55.Nf2 Rf4 56.Kg1 Re3 57.Nd3 Rfe4
58.Nf2 Ra4 59.Nd1 Rh3 60.Nc3 Rf4 61.Nd5 Rd4 62.Nc3 g3 63.e4 Kg4 64.e5 Kf3
65.e6 Rdh4  0-1

[Event "Gligoric Cup 2013"]
[Site "Banja Koviljaca SRB"]
[Date "2013.05.25"]
[Round "6.2"]
[White "Nikolic,Pr"]
[Black "Rabrenovic,V"]
[Result "1-0"]
[WhiteElo "2603"]
[BlackElo "2406"]

1.d4 Nf6 2.c4 e6 3.Nf3 Bb4+ 4.Nbd2 O-O 5.a3 Bxd2+ 6.Bxd2 d6 7.g3 Qe7 8.Bg2 e5
9.O-O h6 10.b4 e4 11.Ne1 c6 12.Nc2 d5 13.b5 Re8 14.bxc6 Nxc6 15.cxd5 Nxd5
16.e3 Bf5 17.Qe2 Qd7 18.Rfb1 Bg4 19.Qf1 h5 20.h3 Bf3 21.Bxf3 exf3 22.Ne1 h4
23.g4 f5 24.Nxf3 fxg4 25.hxg4 Nf6 26.Nh2 b6 27.f3 Rad8 28.Kh1 Nd5 29.Re1 g5
30.Rac1 Kg7 31.e4 Nf4 32.Qb5 Nxd4 33.Qxg5+ Ng6 34.Qh6+ Kf7 35.Qh7+  1-0

[Event "Gligoric Cup 2013"]
[Site "Banja Koviljaca SRB"]
[Date "2013.05.26"]
[Round "7.2"]
[White "Savicevic,V"]
[Black "Nikolic,Pr"]
[Result "0-1"]
[WhiteElo "2315"]
[BlackElo "2603"]

1.e4 e5 2.Nf3 Nc6 3.Bb5 a6 4.Ba4 Nf6 5.O-O Be7 6.Bxc6 dxc6 7.d3 Nd7 8.Nbd2 f6
9.Nc4 Nf8 10.Nh4 g6 11.a4 Be6 12.Na5 Qd6 13.Qe2 Bf7 14.Be3 Ne6 15.Nf3 c5
16.Nc4 Qd7 17.c3 O-O 18.a5 Rfd8 19.Rfd1 Bf8 20.h3 Qc6 21.Nh2 Bg7 22.Ng4 Nf4
23.Bxf4 exf4 24.Qf3 g5 25.Nh2 b5 26.axb6 cxb6 27.b3 b5 28.Na5 Qb6 29.h4 Ra7
30.d4 cxd4 31.cxd4 Rxd4 32.Rxd4 Qxd4 33.Rd1 Qb6 34.b4 Re7 35.Qd3 h6 36.Rc1 Re8
37.Nc6 Qc7 38.Qa3 Rxe4 39.Qxa6 Rc4 40.Rxc4 Bxc4 41.Nf3 Qd7 42.hxg5 hxg5 43.Nfd4 Bf8
44.Qb6 Qe8 45.Kh2 g4 46.Qc7 Bd5 47.Qxf4 Bxc6 48.Qxg4+ Bg7  0-1

[Event "43rd Open A Bosna 2013"]
[Site "Sarajevo BIH"]
[Date "2013.06.01"]
[Round "1.3"]
[White "Nikolic,Pr"]
[Black "Tomic,Bos"]
[Result "0-1"]
[WhiteElo "2612"]
[BlackElo "2430"]

1.d4 Nf6 2.c4 g6 3.Nf3 Bg7 4.g3 O-O 5.Bg2 d6 6.O-O Nbd7 7.Nc3 e5 8.e4 exd4
9.Nxd4 Re8 10.h3 a6 11.Nde2 Rb8 12.a4 Nc5 13.Qc2 Be6 14.b3 Ncxe4 15.Bb2 Bf5
16.Qd1 Nxc3 17.Bxc3 Be4 18.f3 Bc6 19.Ra2 Nh5 20.Bxg7 Nxg7 21.Nd4 Qg5 22.Kh2 Nf5
23.Nxf5 Qxf5 24.b4 b6 25.b5 Bb7 26.Re2 Rxe2 27.Qxe2 Qe6 28.Qd3 a5 29.Kg1 Re8
30.Kf2 Qe5 31.Rd1 Qc5+ 32.Qd4 Qb4 33.Ra1 Qb3 34.Qd2 Re7 35.Qd4 Qc2+ 36.Kg1 Re2
37.Bf1 Qb2 38.Qxb2 Rxb2 39.Ra3 Bc8 40.h4 Be6 41.Bd3 Rb4 42.Rc3 Rxa4 43.Kf2 Ra2+
44.Ke3 Kg7 45.Be4 Rg2 46.Kf4 Kf6 47.g4 h6 48.Bc6 g5+ 49.hxg5+ hxg5+ 50.Ke4 Rb2
51.Kd4 Ra2 52.Be4 Rd2+ 53.Bd3 Rd1 54.Rc2 Ke7 55.Rh2 d5 56.cxd5 Bxd5 57.Kxd5 Rxd3+
58.Kc6 Rc3+ 59.Kb7 Rc5 60.Ka6 Rc3 61.Kb7 a4  0-1

[Event "43rd Open A Bosna 2013"]
[Site "Sarajevo BIH"]
[Date "2013.06.02"]
[Round "2.11"]
[White "Bejtovic,J"]
[Black "Nikolic,Pr"]
[Result "0-1"]
[WhiteElo "2397"]
[BlackElo "2612"]

1.c4 e5 2.g3 c6 3.d4 Bb4+ 4.Bd2 Bxd2+ 5.Qxd2 d6 6.Nc3 Nf6 7.dxe5 dxe5 8.Qxd8+ Kxd8
9.Nf3 Re8 10.Ng5 Re7 11.Rd1+ Kc7 12.e3 Bf5 13.Bg2 Nbd7 14.Nge4 Nxe4 15.Bxe4 Bh3
16.Rg1 f5 17.Bc2 Bg4 18.Rb1 e4 19.Bd1 h5 20.Be2 Ne5 21.b3 Rd8 22.Bxg4 hxg4
23.Ke2 Red7 24.Rb2 Nf3 25.Rd1 Rd3 26.Rc2 Rh8 27.Rcc1 Rhd8 28.Rc2 g5 29.c5 Rh8
30.Rcc1 Rxh2 31.Rxd3 exd3+ 32.Kxd3 Rxf2 33.Rh1 Rd2+ 34.Kc4 Nh2 35.b4 Kd7
36.a4 Ke6 37.b5 Ke5 38.bxc6 bxc6 39.Rb1 Rd7 40.Rh1 Nf3 41.Rh6 Nd2+ 42.Kb4 Rb7+
43.Ka5 Nb3+ 44.Ka6 Nxc5+ 45.Ka5 Rb6  0-1

[Event "43rd Open A Bosna 2013"]
[Site "Sarajevo BIH"]
[Date "2013.06.02"]
[Round "3.6"]
[White "Nikolic,Pr"]
[Black "Cabarkapa,N"]
[Result "1-0"]
[WhiteElo "2612"]
[BlackElo "2341"]

1.d4 Nf6 2.Nf3 g6 3.Bf4 Bg7 4.e3 O-O 5.Nbd2 c5 6.c3 d6 7.h3 Nc6 8.Bc4 cxd4
9.cxd4 Qe8 10.Bh2 a6 11.Be2 Bf5 12.O-O Ne4 13.Nb3 Rc8 14.Rc1 Nf6 15.a3 Qd8
16.Nfd2 Na5 17.Bf3 Rxc1 18.Nxc1 Bd7 19.b4 Nc6 20.Ncb3 b5 21.d5 Na7 22.Na5 Nc8
23.Ndb3 Nb6 24.Nd4 Qc7 25.Ndc6 Bxc6 26.dxc6 e5 27.g4 h6 28.Bg2 Ne8 29.f4 Qe7
30.Qd3 Nc7 31.Kh1 Re8 32.f5 d5 33.fxg6 fxg6 34.Qxg6 Qe6 35.Qc2 Nc4 36.Nxc4 bxc4
37.Rc1 Qxc6 38.e4 d4 39.Qxc4+ Qxc4 40.Rxc4 Nb5 41.a4 Nc3 42.a5 Bf8 43.Bg3 Na2
44.Bf1 Nxb4 45.Be1 Rb8 46.Rc7 Rd8 47.Bh4 Rd6 48.Bc4+ Kh8 49.Bg3 Nc6 50.Bd5 d3
51.Bxc6 Rxc6 52.Bxe5+ Kg8 53.Rd7 Bd6 54.Bxd6 d2 55.Bc5 Rxc5 56.Rxd2 Rxa5
57.Kg2 h5 58.Rd5 Ra2+ 59.Kg3 hxg4 60.hxg4 Kf7 61.Kf4 Ke6 62.g5 Rf2+ 63.Ke3 Rf8
64.Ra5 Ra8 65.Kf4 Rf8+ 66.Kg4 Ra8 67.e5 Rg8 68.Rxa6+ Kxe5 69.g6 Rb8 70.Kg5 Rb1
71.g7 Rg1+ 72.Kh6 Kf5 73.Kh7 Rh1+ 74.Rh6  1-0

[Event "43rd Open A Bosna 2013"]
[Site "Sarajevo BIH"]
[Date "2013.06.03"]
[Round "4.3"]
[White "Can,E"]
[Black "Nikolic,Pr"]
[Result "0-1"]
[WhiteElo "2475"]
[BlackElo "2612"]

1.e4 e5 2.Nf3 Nc6 3.Bc4 Nf6 4.d3 Be7 5.O-O O-O 6.Bb3 d6 7.c3 Na5 8.Bc2 c5
9.a3 Nc6 10.b4 a6 11.h3 h6 12.Re1 Re8 13.Nbd2 Bf8 14.Bb2 Bd7 15.Nf1 g6 16.Qd2 Rc8
17.Ne3 Bg7 18.Nh2 Be6 19.Qd1 cxb4 20.axb4 d5 21.exd5 Nxd5 22.Nxd5 Bxd5 23.Nf3 Kh7
24.Bb3 Re6 25.Nd2 Rd6 26.Nc4 Rd7 27.Na5 Nxa5 28.Rxa5 Bxb3 29.Qxb3 Rcc7 30.b5 Rc5
31.Rea1 Rdd5 32.c4 Rxd3 33.Qb4 Rd1+ 34.Rxd1 Qxd1+ 35.Kh2 b6 36.Ra1 Qd7 37.bxa6 Qa7
38.Bc1 e4 39.Ra4 b5 40.Be3 bxa4 41.Bxc5 Qxa6 42.Kg1 Qa8 43.Kf1 h5 44.h4 Be5
45.Ke2 Qd8 46.Qa3 Qxh4 47.Qxa4 Qg4+ 48.Kf1 h4 49.Qb3 g5 50.Bb6 Qe6 51.Qb5 h3
52.gxh3 Qxh3+ 53.Kg1 Qh2+ 54.Kf1 Qh1+ 55.Ke2 Bc3  0-1

[Event "43rd Open A Bosna 2013"]
[Site "Sarajevo BIH"]
[Date "2013.06.04"]
[Round "5.3"]
[White "Nikolic,Pr"]
[Black "Kovacevic,A"]
[Result "0-1"]
[WhiteElo "2612"]
[BlackElo "2557"]

1.d4 Nf6 2.c4 e6 3.Nf3 c5 4.d5 d6 5.Nc3 exd5 6.cxd5 g6 7.g3 Bg7 8.Bg2 O-O
9.O-O Re8 10.Nd2 a6 11.a4 Nbd7 12.a5 b5 13.axb6 Nxb6 14.Nb3 Nc4 15.Ra4 Nb6
16.Ra2 Nc4 17.Nb1 a5 18.Nc3 Ba6 19.Nd2 Qb6 20.Na4 Qb8 21.Nb1 Ra7 22.Re1 Rb7
23.Bf1 Rb4 24.e3 Qb7 25.Nbc3 Ne5 26.f4 Ned7 27.Bg2 Bc4 28.Ra3 Bb3 29.Qd2 Bxa4
30.Rxa4 Rxa4 31.Nxa4 Ne4 32.Bxe4 Rxe4 33.Qxa5 Qxd5 34.Nc3 Bxc3 35.Qxc3 Rc4
36.Qd2 Qe4 37.Qxd6 Rxc1 38.Rxc1 Qxe3+ 39.Kg2 Qxc1 40.Qxd7 Qxb2+ 41.Kf3 Qc3+
42.Ke2 h5 43.Qd5 Qc2+ 44.Kf3 c4 45.Qd8+ Kh7 46.Qd5 Qc3+ 47.Ke2 Kg7 48.f5 Qc2+
49.Ke3 Qxf5 50.Qxc4 Qe6+ 51.Qxe6 fxe6 52.g4 hxg4 53.Kf4 Kf6 54.Kxg4 g5  0-1

[Event "43rd Open A Bosna 2013"]
[Site "Sarajevo BIH"]
[Date "2013.06.05"]
[Round "6.5"]
[White "Haznedaroglu,K"]
[Black "Nikolic,Pr"]
[Result "0-1"]
[WhiteElo "2427"]
[BlackElo "2612"]

1.e4 e6 2.d4 d5 3.e5 c5 4.c3 Nc6 5.Nf3 Bd7 6.Be2 Nge7 7.Na3 Ng6 8.Nc2 Be7
9.g3 O-O 10.h4 cxd4 11.cxd4 f6 12.exf6 Bxf6 13.Bg5 Qb6 14.O-O Nge7 15.Bd3 Be8
16.Qe2 Bf7 17.b4 Rae8 18.Bxf6 gxf6 19.b5 Na5 20.Ne3 Bg6 21.Bxg6 hxg6 22.Rac1 Kg7
23.Rc5 Qd6 24.Rfc1 b6 25.Rc7 Rc8 26.Nxd5 Rxc7 27.Rxc7 exd5 28.Rxe7+ Rf7 29.Re6 Qc7
30.Kg2 Nc4 31.h5 gxh5 32.Nh4 Qd7 33.g4 Kg8 34.Nf5 Kf8 35.gxh5 Ne5 36.dxe5 Qxe6
37.Nh4 fxe5 38.Ng6+ Ke8 39.Nxe5 Rf5 40.f4 Rxf4 41.Qb2 Qf6  0-1

[Event "43rd Open A Bosna 2013"]
[Site "Sarajevo BIH"]
[Date "2013.06.06"]
[Round "7.3"]
[White "Nikolic,Pr"]
[Black "Banusz,T"]
[Result "1/2-1/2"]
[WhiteElo "2612"]
[BlackElo "2592"]

1.d4 d5 2.c4 c6 3.Nc3 Nf6 4.e3 e6 5.Nf3 Nbd7 6.Be2 Bd6 7.O-O O-O 8.b3 b6
9.Bb2 Bb7 10.a4 a6 11.Qc2 Qe7 12.Rfd1 Rfd8 13.e4 Nxe4 14.Nxe4 dxe4 15.Qxe4 Nf6
16.Qh4 Bb4 17.Ne5 Nd7 18.Qg3 Nxe5 19.Qxe5 Bd6 20.Qe3 Qc7 21.g3 Be7 22.Bf3 Bf6
23.Bc3 Rd7 24.a5 b5 25.Bb4 Be7 26.Bc5 Re8 27.Bb6 Qb8 28.Rac1 Bd8 29.Ra1 Ba8
30.Bc5 Bc7 31.Be4 Bd6 32.Bxd6 Rxd6 33.c5 Rd7 34.Rd3 Qc7 35.b4 Bb7 36.Rad1 Rde7
37.Bg2 Bc8 38.h4 f6 39.f4 Bd7 40.Qe2 Qc8 41.Re3 Rf7 42.Re1 Rff8 43.g4 e5
44.fxe5 Bxg4 45.Qf2 fxe5 46.Qg3 Qd7 47.Kh2 h5 48.d5 cxd5 49.Rxe5 Rxe5 50.Rxe5 d4
51.Rd5 Qe6 52.Rxd4 Qe2 53.Rf4 Re8 54.Rf2 Qe1 55.Qf4 Qe7 56.Kg3 Qe1 57.Bd5+ Kh7
58.Kg2 Re2 59.Rxe2 Qxe2+ 60.Qf2 Bh3+ 61.Kg3 Qe5+ 62.Kxh3 Qxd5 63.Kg3 Qe5+
64.Qf4 Qc3+ 65.Qf3 Qxb4 66.Qxh5+ Kg8 67.Qd5+ Kh7 68.c6 Qc3+ 69.Kf4 b4 70.Qf5+ Kh6
71.Kg4 Qc4+ 72.Qf4+ Qxf4+ 73.Kxf4 b3 74.c7 b2 75.c8=Q b1=Q 76.Qxa6+ g6 77.Qf6 Qf1+
78.Ke5 Qb5+ 79.Ke6 Qe8+ 80.Kd6 Qb8+ 81.Kc5 Qc7+ 82.Kd4 Qd7+ 83.Ke3 Qe8+ 84.Kf2 Qc8
85.a6 Qc2+ 86.Ke3 Qb3+ 87.Ke4 Qb1+ 88.Ke3 Qe1+ 89.Kd3 Qd1+ 90.Kc4 Qa4+ 91.Kd5 Qb5+
92.Ke4 Qe2+ 93.Kd5 Qb5+ 94.Ke4  1/2-1/2

[Event "43rd Open A Bosna 2013"]
[Site "Sarajevo BIH"]
[Date "2013.06.07"]
[Round "8.2"]
[White "Nikolic,Pr"]
[Black "Papp,Ga"]
[Result "1-0"]
[WhiteElo "2612"]
[BlackElo "2582"]

1.d4 Nf6 2.c4 e6 3.Nf3 d5 4.Nc3 Be7 5.Bg5 h6 6.Bh4 O-O 7.e3 b6 8.Rc1 Bb7
9.Bxf6 Bxf6 10.cxd5 exd5 11.Be2 c5 12.O-O Nd7 13.dxc5 Nxc5 14.Rc2 a6 15.Nd4 Ne6
16.Nxe6 fxe6 17.Bg4 Kh8 18.Bxe6 d4 19.exd4 Qxd4 20.Bd5 Bxd5 21.Nxd5 Rad8
22.Rd2 Qc5 23.Nxf6 Rxd2 24.Qxd2 Rxf6 25.Re1 a5 26.h3 Qf5 27.a3 Kh7 28.Qd4 Qc2
29.h4 Qf5 30.g3 Qf3 31.Re7 Qf5 32.Rb7 Qg6 33.Kg2 Re6 34.h5 Qf6 35.Qd3+ Kg8
36.Rb8+ Kf7 37.Qd5  1-0

[Event "43rd Open A Bosna 2013"]
[Site "Sarajevo BIH"]
[Date "2013.06.08"]
[Round "9.1"]
[White "Markus,Rob"]
[Black "Nikolic,Pr"]
[Result "1/2-1/2"]
[WhiteElo "2611"]
[BlackElo "2612"]

1.d4 Nf6 2.c4 e6 3.Nf3 Bb4+ 4.Bd2 Bxd2+ 5.Qxd2 d5 6.e3 O-O 7.Nc3 Qe7 8.Rc1 Rd8
9.Qc2 dxc4 10.Bxc4 c5 11.dxc5 Qxc5 12.Be2 Nc6 13.O-O  1/2-1/2

[Event "12th TCh-BIH Prem"]
[Site "Sarajevo BIH"]
[Date "2013.06.15"]
[Round "1.3"]
[White "Nikolic,Pr"]
[Black "Kurajica,B"]
[Result "1-0"]
[WhiteElo "2612"]
[BlackElo "2513"]

1.d4 Nf6 2.c4 e6 3.Nf3 Bb4+ 4.Nbd2 d5 5.Qa4+ Nc6 6.a3 Bxd2+ 7.Bxd2 Ne4 8.Rd1 O-O
9.e3 Qf6 10.Bc1 Qg6 11.Qc2 a5 12.b3 Bd7 13.Nh4 Qf6 14.g3 g5 15.Ng2 Qf3 16.h4 f6
17.Rh2 Qf5 18.Bd3 a4 19.Qe2 g4 20.b4 dxc4 21.Bxc4 Ne7 22.Bb2 Kh8 23.Rc1 e5
24.Bd3 Rae8 25.dxe5 fxe5 26.Nf4 Kg8 27.Qc2 Bc6 28.Bc4+ Kh8 29.b5  1-0

[Event "12th TCh-BIH Prem"]
[Site "Sarajevo BIH"]
[Date "2013.06.16"]
[Round "2.3"]
[White "Goric,E"]
[Black "Nikolic,Pr"]
[Result "0-1"]
[WhiteElo "2321"]
[BlackElo "2612"]

1.Nf3 d5 2.b3 c5 3.Bb2 Nc6 4.e3 a6 5.d4 Nf6 6.Be2 cxd4 7.Nxd4 Qa5+ 8.Qd2 Qc7
9.O-O e6 10.c4 Bb4 11.Qd1 Ne7 12.Nf3 dxc4 13.Be5 Qd7 14.Bxc4 Ng6 15.Bb2 Qe7
16.a4 O-O 17.Ba3 Bxa3 18.Nxa3 e5 19.Be2 Bf5 20.Nc4 Rfd8 21.Qc1 Nd5 22.Qb2 f6
23.Rfd1 Qb4 24.Rac1 Nge7 25.a5 Rac8 26.h3 Kf8 27.Ne1 Nc6 28.Nd3 Qe7 29.Ne1 Ndb4
30.Qa1 Be6 31.Bg4 Bxg4 32.hxg4 Qe6 33.Rxd8+ Rxd8 34.Rd1 Qxg4 35.Rxd8+ Nxd8
36.Qc3 Ndc6 37.Nd6 Qd7 38.Qc5 Qe7 39.Nf3 Nd3 40.Qa3 Nxa5 41.Nd2 Nc6 42.g4 Ncb4
43.N2e4 Qd7 44.Qa5 Qxg4+ 45.Kf1 Qd7 46.Nxb7 Kf7 47.Qb6 Kg6 48.Ned6 Qh3+ 49.Ke2 Qg4+
50.Kf1 Qd1+ 51.Kg2 Ne1+ 52.Kf1 Nf3+ 53.Kg2 Nh4+  0-1

[Event "12th TCh-BIH Prem"]
[Site "Sarajevo BIH"]
[Date "2013.06.17"]
[Round "3.4"]
[White "Nikolic,Pr"]
[Black "Bulajic,R"]
[Result "1-0"]
[WhiteElo "2612"]
[BlackElo "2307"]

1.d4 Nf6 2.c4 g6 3.Nc3 Bg7 4.Bf4 d6 5.e3 O-O 6.Be2 Nbd7 7.Nf3 Qe8 8.Nb5 Qd8
9.h3 c6 10.Nc3 Qe8 11.O-O e5 12.Bh2 Qe7 13.Qc2 Ne8 14.b4 f5 15.c5 d5 16.b5 e4
17.Nd2 f4 18.bxc6 bxc6 19.Qa4 Qf6 20.Bxf4 Nxc5 21.dxc5 Qxc3 22.Qxc6 Qxd2
23.Qxa8 Bf5 24.Rae1 Qxa2 25.Qb7 Bc3 26.Bh6 Rf7 27.Qa8 Re7 28.Bb5 Kf7 29.Rd1 Nc7
30.Qf8+ Ke6 31.Qg8+ Kf6 32.Bc6  1-0

[Event "12th TCh-BIH Prem"]
[Site "Sarajevo BIH"]
[Date "2013.06.18"]
[Round "4.2"]
[White "Mrndjic,M"]
[Black "Nikolic,Pr"]
[Result "0-1"]
[WhiteElo "2279"]
[BlackElo "2612"]

1.d4 Nf6 2.Nf3 b6 3.g3 Bb7 4.Bg2 c5 5.c4 cxd4 6.Qxd4 g6 7.O-O Bg7 8.Nc3 d6
9.Rd1 Nbd7 10.Rb1 Rc8 11.Bd2 a6 12.Rbc1 O-O 13.Qh4 Rc5 14.b3 Rh5 15.Qf4 Nc5
16.Nd5 Nxd5 17.cxd5 Rxd5 18.b4 Na4 19.Rc2 Nc3 20.Re1 Ne4 21.Rec1 Nxd2 22.Rxd2 Rxd2
23.Nxd2 Bc8 24.Qc4 e6 25.e4 b5 26.Qc6 Qe7 27.Nb3 d5 28.exd5 exd5 29.Bxd5 Qxb4
30.Bxf7+ Kh8 31.Be6 Bxe6 32.Qxe6 a5 33.Rc8 a4 34.Nc5 Qb1+ 35.Kg2 Qf5 36.Qxf5 gxf5
37.Rxf8+ Bxf8 38.Nd3 Kg7 39.Kf3 Kf6 40.Ke3 Ke6 41.Kd4 Kd6 42.Kc3 Bg7+ 43.Kb4 Kc6
44.f3 Bf6 45.h3 h5 46.g4 fxg4 47.fxg4 h4 48.Ne1 Be7+ 49.Kc3 Kd5 50.Kd3 Ke5
51.Nf3+ Kf4 52.Nd4 b4 53.Ne6+ Kg3 54.g5 Kxh3 55.g6 Bf6 56.Nf4+ Kg4 57.Nd5 Kg5
58.Ke4 b3 59.axb3 axb3 60.Kd3 h3  0-1

[Event "12th TCh-BIH Prem"]
[Site "Sarajevo BIH"]
[Date "2013.06.19"]
[Round "5.5"]
[White "Nikolic,Pr"]
[Black "Marjanovic,Dej"]
[Result "1/2-1/2"]
[WhiteElo "2612"]
[BlackElo "2211"]

1.d4 Nf6 2.c4 g6 3.Nf3 Bg7 4.g3 c6 5.Bg2 O-O 6.O-O d5 7.Qa4 dxc4 8.Qxc4 Bf5
9.Nbd2 Nbd7 10.Nb3 Be4 11.Bd2 Bd5 12.Qc2 Be4 13.Qc1 Re8 14.Rd1 Nd5 15.Be1 Qb8
16.Nbd2 Bxf3 17.Nxf3 e5 18.e4 N5f6 19.Qc2 a5 20.h3 Qa7 21.Bc3 exd4 22.Nxd4 Nc5
23.Re1 Nfd7 24.Rad1 Ne5 25.Ne2 Rad8 26.Bd4 b6 27.Rf1 Ne6 28.Be3 c5 29.f4 Nc6
30.Nc3 Ned4 31.Qf2 a4 32.e5 a3 33.Nb5 Qa4 34.Nxa3 Bf8 35.Kh2 Nf5 36.Rxd8 Rxd8
37.Nb1 Rd3 38.Nc3 Qc4 39.Bc1 Nxg3 40.Rg1 Ne7 41.Bf3 Ngf5 42.Be2 Qd4 43.Qe1 Re3
44.Bxe3 Nxe3 45.Kh1 Bh6 46.e6 fxe6 47.Bg4 N7f5 48.Bxf5 exf5 49.Qh4 Bxf4 50.Qe7 Be5
51.Qe8+ Kg7 52.Qe7+ Kg8 53.Qe8+ Kg7  1/2-1/2

[Event "12th TCh-BIH Prem"]
[Site "Sarajevo BIH"]
[Date "2013.06.20"]
[Round "6.1"]
[White "Nikolic,Pr"]
[Black "Sutkovic,D"]
[Result "1-0"]
[WhiteElo "2612"]
[BlackElo "2331"]

1.Nf3 Nf6 2.c4 e6 3.g3 c5 4.Bg2 Nc6 5.O-O d6 6.d4 cxd4 7.Nxd4 Nxd4 8.Qxd4 Be7
9.Nc3 O-O 10.Rd1 a6 11.Bg5 Qc7 12.Ne4 e5 13.Qd3 Nxe4 14.Bxe7 Qxe7 15.Bxe4 f5
16.Bg2 Rf6 17.Rac1 e4 18.Qd4 Be6 19.Qxd6 Qxd6 20.Rxd6 Rc8 21.b3 Kf7 22.f3 exf3
23.Bxf3 Rc7 24.a4 b5 25.Rxa6 bxc4 26.b4 c3 27.Rc6 Rxc6 28.Bxc6 Bc4 29.b5 Bb3
30.a5 c2 31.a6 Rd6 32.Kf2 Rd1 33.Rxc2 Bxc2 34.a7 Ra1 35.b6  1-0

[Event "12th TCh-BIH Prem"]
[Site "Sarajevo BIH"]
[Date "2013.06.22"]
[Round "8.2"]
[White "Nikolic,Pr"]
[Black "Bilic,V"]
[Result "1-0"]
[WhiteElo "2612"]
[BlackElo "2290"]

1.d4 d5 2.c4 c6 3.Nc3 Nf6 4.e3 a6 5.Bd2 Bf5 6.Qb3 Ra7 7.Nf3 g6 8.Be2 Bg7
9.O-O O-O 10.a4 Ne4 11.Rfd1 Nxd2 12.Nxd2 Be6 13.a5 dxc4 14.Bxc4 Bc8 15.d5 Qc7
16.Nde4 Nd7 17.Be2 Ra8 18.Qb4 Nf6 19.Nxf6+ Bxf6 20.Rac1 Qe5 21.Bf3 Rb8 22.Na4 Rd8
23.Nb6 Kg7 24.Nc4 Qc7 25.Qc5 Bd7 26.b4 Be8 27.g3 Qc8 28.dxc6 Rxd1+ 29.Rxd1 bxc6
30.Nb6 Qe6 31.Be2 Qb3 32.Rc1 Rd8 33.Bxa6 Rd2 34.Bf1 Qa2 35.Bc4 Qa3 36.Rb1 Bd7
37.Nxd7 Rxd7 38.Qxc6 Rd2 39.a6 Rc2 40.Qe4 e6 41.Qxc2  1-0

[Event "12th TCh-BIH Prem"]
[Site "Sarajevo BIH"]
[Date "2013.06.23"]
[Round "9.4"]
[White "Rasidovic,S"]
[Black "Nikolic,Pr"]
[Result "0-1"]
[WhiteElo "2381"]
[BlackElo "2612"]

1.e4 e6 2.d4 d5 3.Nc3 Bb4 4.exd5 exd5 5.Bd3 Nf6 6.Ne2 O-O 7.f3 c5 8.dxc5 Bxc5
9.Bg5 Nc6 10.Qd2 h6 11.Bh4 Re8 12.Nd1 Ne5 13.Bf2 Bxf2+ 14.Nxf2 Qb6 15.b3 Bd7
16.a4 Nxd3+ 17.Nxd3 Rac8 18.Kf1 Bf5 19.Ne1 d4 20.Nxd4 Bg6 21.a5 Qc5 22.Ra4 Nd5
23.Kf2 Nc3 24.Rc4 Qxa5 25.b4 Qa3 26.Rxc8 Rxc8 27.Nd3 Bxd3 28.Qxd3 Qxb4 29.Nf5 Qc5+
30.Kg3 Re8 31.Kh3 g6 32.Nxh6+ Kg7 33.Ng4 f5 34.Nf2 Nd5 35.Qd2 Rh8+ 36.Kg3 f4+  0-1

[Event "7th LCT 2013"]
[Site "Leiden NED"]
[Date "2013.07.12"]
[Round "1.4"]
[White "Nikolic,Pr"]
[Black "Braggaar,L"]
[Result "1-0"]
[WhiteElo "2622"]
[BlackElo "2080"]

1.Nf3 Nf6 2.g3 d5 3.Bg2 c6 4.O-O Bg4 5.d3 e6 6.c4 Be7 7.Qb3 Qb6 8.Nbd2 Nbd7
9.cxd5 exd5 10.h3 Bxf3 11.Qxb6 Nxb6 12.Bxf3 Nfd7 13.Bg2 O-O 14.Rb1 f5 15.Nb3 Bd6
16.Na5 Rab8 17.b4 Rfe8 18.Re1 Na4 19.Bd2 Nf6 20.Kf1 Re7 21.Rec1 Rbe8 22.Bf3 h6
23.Nb3 Kh7 24.e3 a6 25.Rc2 Bb8 26.Bd1 h5 27.Nd4 Kg6 28.Nxc6 bxc6 29.Rxc6 h4
30.gxh4 Rh8 31.h5+ Kf7 32.Rxa6 Nxh5 33.Bxa4 f4 34.Bb3 Nf6 35.Kg2 fxe3 36.Bxe3 Rh4
37.b5 Re5 38.Ra4  1-0

[Event "7th LCT 2013"]
[Site "Leiden NED"]
[Date "2013.07.14"]
[Round "3.4"]
[White "Nikolic,Pr"]
[Black "Iljin,A"]
[Result "1/2-1/2"]
[WhiteElo "2622"]
[BlackElo "2540"]

1.d4 Nf6 2.c4 e6 3.Nf3 b6 4.g3 Ba6 5.Qa4 Bb7 6.Bg2 c5 7.O-O cxd4 8.Nxd4 Bxg2
9.Kxg2 Qc8 10.Rd1 Be7 11.Nc3 a6 12.Bg5 Qb7+ 13.f3 h6 14.Bxf6 Bxf6 15.Ne4 Be7
16.b4 O-O 17.c5 a5 18.Rab1 axb4 19.Qxb4 Rxa2 20.Qxb6 Qa8 21.Rb2 Rxb2 22.Qxb2 Rc8
23.Nb3 Qb7 24.Rd3 Bxc5 25.Nexc5 Rxc5 26.Rc3 Rxc3 27.Qxc3 d5 28.Nc5 Qb5 29.Nd3 Nc6
30.Kf2 Qa4 31.Qc1 Qa7+ 32.Kg2 Nd4 33.Qe3 Qa1 34.g4 Qc3 35.h4 Qc4 36.h5 Nc6
37.Qb6 e5 38.Qc7 e4 39.Qc8+ Kh7 40.Qf5+ Kg8 41.Qc8+ Kh7  1/2-1/2

[Event "7th LCT 2013"]
[Site "Leiden NED"]
[Date "2013.07.15"]
[Round "4.3"]
[White "Slingerland,F"]
[Black "Nikolic,Pr"]
[Result "1/2-1/2"]
[WhiteElo "2350"]
[BlackElo "2622"]

1.e4 e6 2.d4 d5 3.Nc3 Bb4 4.e5 c5 5.Bd2 cxd4 6.Nb5 Bc5 7.b4 Bf8 8.Nxd4 Ne7
9.Ngf3 Nbc6 10.Bd3 Bd7 11.Qe2 a5 12.c3 axb4 13.cxb4 Qb6 14.Nb5 Ng6 15.O-O Be7
16.a4 O-O 17.a5 Qd8 18.Rfb1 f6 19.Bxg6 hxg6 20.Bc3 g5 21.exf6 Bxf6 22.Bxf6 Qxf6
23.h3 Ne7 24.Nd6 Ng6 25.Nxb7 e5 26.Qe3 e4 27.Nc5 Bc8 28.Nxg5 Nf4 29.h4 Bg4
30.Ra2 Rae8 31.a6 d4 32.Qb3+ Kh8 33.Ncxe4 Qg6 34.f3 d3 35.Re1 Be6 36.Nxe6 Rxe6
37.a7 Ra8 38.g4 Ne2+ 39.Raxe2 dxe2 40.h5 Qe8 41.Qd3 Qe7 42.Rxe2 Rxa7 43.Rc2 Ra8
44.Kg2 Rd8 45.Qc4 Re5 46.Qc3 Rxe4 47.fxe4 Qxe4+ 48.Kh2 Qxg4 49.h6 Qf4+ 50.Qg3 Qxh6+
51.Qh3 Qxh3+ 52.Kxh3 Rd3+ 53.Kg2 Rb3 54.Rc4 Kh7  1/2-1/2

[Event "7th LCT 2013"]
[Site "Leiden NED"]
[Date "2013.07.16"]
[Round "5.2"]
[White "Nikolic,Pr"]
[Black "Bernal Moro,L"]
[Result "1-0"]
[WhiteElo "2622"]
[BlackElo "2423"]

1.Nf3 d6 2.c4 e5 3.d4 Nd7 4.Nc3 Ngf6 5.Bg5 Be7 6.e3 Ng8 7.Bxe7 Nxe7 8.Be2 O-O
9.O-O Ng6 10.b4 a5 11.a3 Nf6 12.Qc2 Bd7 13.Nd2 Qe7 14.Nb3 axb4 15.axb4 c6
16.Na5 Bg4 17.Bxg4 Nxg4 18.d5 Qd7 19.dxc6 bxc6 20.b5 Ne7 21.b6 Nf6 22.c5 d5
23.Nb3 Qg4 24.Ne2 Nd7 25.f4 f6 26.h3 Qe6 27.f5 Qf7 28.Ng3 Rfb8 29.Rfb1 Kf8
30.Qc3 Qe8 31.Na5 Ra6 32.Ra4 Rba8 33.Rba1 Nb8 34.e4 Qd7 35.Kh2 d4 36.Qc4 Ng8
37.Ne2 d3 38.Nc3 Nh6 39.Nxc6 Rxa4 40.Nxb8  1-0

[Event "7th LCT 2013"]
[Site "Leiden NED"]
[Date "2013.07.18"]
[Round "6.1"]
[White "Sengupta,D"]
[Black "Nikolic,Pr"]
[Result "1-0"]
[WhiteElo "2555"]
[BlackElo "2622"]

1.e4 e6 2.d4 d5 3.e5 c5 4.c3 Nc6 5.Nf3 Bd7 6.Be2 Nge7 7.Na3 cxd4 8.cxd4 Ng6
9.h4 h6 10.h5 Bxa3 11.bxa3 Nge7 12.Rb1 Na5 13.Rh3 Qc7 14.Kf1 O-O-O 15.a4 Kb8
16.Ba3 Nc8 17.Nd2 Ka8 18.Bb4 f6 19.Rc3 Bc6 20.Qc1 Nc4 21.Nxc4 dxc4 22.Rxc4 Nb6
23.Ba5 fxe5 24.Bxb6 axb6 25.dxe5 Rhf8 26.Qe3 Rd5 27.Rxb6 Qxe5 28.Qxe5 Rxe5
29.Rb2 Rg5 30.g4 Rd8 31.Ke1 Rgd5 32.Rbc2 Kb8 33.Rf4 e5 34.Rb4 Ka7 35.Rcb2 Rc5
36.f3 Rf8 37.Kd2 Rd5+ 38.Ke3 Rd6 39.a5 Rdf6 40.Rb6 R6f7 41.a6 Bxf3 42.axb7 Bxb7
43.R6b5 Re7 44.Ra5+ Kb8 45.Rbb5 e4 46.Rb4 Kc7 47.Ra7 Kb8 48.Ra3 Rf6 49.Ra6 Kc7
50.Rc4+ Kd7 51.Ra7 Rb6 52.Rc3 Kd6 53.Rb3 Kc6 54.Rc3+ Kd6 55.a4 Rc7 56.Rxc7 Kxc7
57.Bc4 Rd6 58.Ra5 g6 59.Rc5+ Kb6 60.Re5 gxh5 61.gxh5 Rf6 62.a5+ Kc7 63.Re7+ Kb8
64.Be2 Bc8 65.Kxe4 Rf5 66.Re5 Rf6 67.Kd4 Kc7 68.Re7+ Kd6 69.Rg7 Rf4+ 70.Ke3 Ra4
71.a6 Ke5 72.a7 Ra3+ 73.Kd2 Be6 74.Re7 Kd6 75.Rh7 Ke5 76.Re7 Kd6 77.Rh7 Ke5
78.Bf3 Bd5 79.Bxd5 Kxd5 80.Kc2 Kc4 81.Kb2 Ra6 82.Rf7 Rb6+ 83.Kc2 Ra6 84.Rc7+ Kb5
85.Kd3 Ra4 86.Rh7 Kc5 87.Rxh6 Rxa7 88.Ke4 Ra1 89.Re6 Re1+ 90.Kf5 Rf1+ 91.Kg6 Kd5
92.Ra6 Rg1+ 93.Kf7 Rh1 94.h6 Ke5 95.Kg7 Kf5 96.Rf6+ Ke5 97.Rg6  1-0